[Event "Let's March"]
[Site "SchemingMind.com"]
[Date "2017.03.05"]
[Round "-"]
[White "smothered mate"]
[Black "Wojtek26"]
[Result "0-1"]
[WhiteCountry "POL"]
[BlackCountry "POL"]
[WhiteElo "1924"]
[WhiteRD "68"]
[BlackElo "1580"]
[BlackRD "50"]
[GameID "411233"]

1. e4 e5 2. Nf3 Nc6 3. Bc4 Nf6 4. Ng5 d5 5. exd5 Nxd5 6. Nxf7 Kxf7 7. Qf3+ Qf6 8. Bxd5+ Be6 9. Bxc6 bxc6 10. Qxf6+ gxf6
11. d3 Rg8 12. Rg1 Bh3 13. g3 Bb4+ 14. c3 Bc5 15. Be3 Bxe3 16. fxe3 Rad8 17. d4 exd4 18. cxd4 Rge8 19. Kf2 c5 20. dxc5 Rd5
21. Nc3 Rd2+ 22. Kf3 Rxb2 23. g4 h5 24. gxh5 Bd7 25. h6 Rxh2 26. Rg7+ Ke6 27. Ne2 Bc6+ 28. e4 Bxe4+ 29. Kxe4 Rxe2+ 30. Kf3 Kf5
31. Kg3 R8e3+
0-1

[Event "Let's March"]
[Site "SchemingMind.com"]
[Date "2017.03.05"]
[Round "-"]
[White "Wojtek26"]
[Black "smothered mate"]
[Result "0-1"]
[WhiteCountry "POL"]
[BlackCountry "POL"]
[WhiteElo "1567"]
[WhiteRD "50"]
[BlackElo "1947"]
[BlackRD "67"]
[GameID "411234"]

1. e4 e6 2. Nf3 d5 3. e5 c5 4. d4 Nc6 5. Bb5 Qb6 6. Bxc6+ bxc6 7. dxc5 Bxc5 8. O-O Ba6 9. Re1 Bxf2+ 10. Kh1 Bxe1
11. Qxe1 Ne7 12. b3 O-O-O 13. Be3 Qc7 14. Ng5 Rdf8 15. Nc3 h6 16. Nf3 c5 17. Na4 d4 18. Bd2 Nd5 19. Ba5 Qc6 20. Rc1 Ne3
21. Qd2 f6 22. c4 Bb7 23. Rg1 Nxg2 24. Rxg2 Qxf3 25. Kg1 Qxg2+ 26. Qxg2 Bxg2 27. Kxg2 fxe5 28. Nxc5 Rf6 29. Ne4 Rf4 30. Nd6+ Kd7
31. Nb5 Rhf8 32. Nxa7 Rg4+ 33. Kh3 h5 34. Be1 d3
0-1

[Event "Let's March"]
[Site "SchemingMind.com"]
[Date "2017.03.07"]
[Round "-"]
[White "smothered mate"]
[Black "Nicola85"]
[Result "1-0"]
[WhiteCountry "POL"]
[BlackCountry "ITA"]
[WhiteElo "1995"]
[WhiteRD "66"]
[BlackElo "1335"]
[BlackRD "79"]
[GameID "411347"]

1. e4 e5 2. Nf3 Nc6 3. Bc4 Bc5 4. b4 Bxb4 5. c3 Ba5 6. d4 exd4 7. O-O Nge7 8. Ng5 d5 9. exd5 Ne5 10. Bb3 O-O
11. Nxh7 Kxh7 12. Qh5+ Kg8 13. Qxe5 dxc3 14. Nxc3
1-0

[Event "Let's March"]
[Site "SchemingMind.com"]
[Date "2017.03.07"]
[Round "-"]
[White "Nicola85"]
[Black "smothered mate"]
[Result "0-1"]
[WhiteCountry "ITA"]
[BlackCountry "POL"]
[WhiteElo "1335"]
[WhiteRD "79"]
[BlackElo "1995"]
[BlackRD "66"]
[GameID "411348"]

1. d4 d5 2. c4 e6 3. Nc3 c5 4. cxd5 exd5 5. Nf3 Nc6 6. g3 c4 7. Bg2 Bb4 8. O-O Nge7 9. e4 O-O 10. exd5 Nxd5
11. Nxd5 Qxd5 12. Ne5 Qb5 13. Nxc6 bxc6
0-1

[Event "Let's March"]
[Site "SchemingMind.com"]
[Date "2017.03.07"]
[Round "-"]
[White "Wojtek26"]
[Black "Nicola85"]
[Result "1-0"]
[WhiteCountry "POL"]
[BlackCountry "ITA"]
[WhiteElo "1603"]
[WhiteRD "50"]
[BlackElo "1335"]
[BlackRD "79"]
[GameID "411349"]

1. d4 Nf6 2. Nf3 d5 3. e3 e6 4. c4 Be7 5. Bd3 dxc4 6. Bxc4 O-O 7. O-O c5 8. Bd2 Nc6 9. dxc5 Bxc5 10. Bc3 Qe7
11. Qe2 Bd7 12. Rd1 Rfd8 13. Nbd2 Be8 14. Nb3 Bb6 15. Ne5 Rxd1+ 16. Rxd1
1-0

[Event "Let's March"]
[Site "SchemingMind.com"]
[Date "2017.03.07"]
[Round "-"]
[White "Nicola85"]
[Black "Wojtek26"]
[Result "0-1"]
[WhiteCountry "ITA"]
[BlackCountry "POL"]
[WhiteElo "1335"]
[WhiteRD "79"]
[BlackElo "1603"]
[BlackRD "50"]
[GameID "411350"]

1. d4 d5 2. c4 e6 3. Nc3 Nf6 4. Bg5 Be7 5. e3 h6 6. Bh4 O-O 7. Nf3 c5 8. dxc5 Bxc5 9. cxd5 Bb4 10. Rc1 exd5
11. Bd3 Bg4 12. h3 Bh5 13. O-O Nc6 14. a3 Bxc3 15. bxc3 Ne5 16. Be2 Nxf3+
0-1

[Event "Let's March"]
[Site "SchemingMind.com"]
[Date "2017.03.11"]
[Round "-"]
[White "smothered mate"]
[Black "Transcendent"]
[Result "1-0"]
[WhiteCountry "POL"]
[BlackCountry "ENG"]
[WhiteElo "2060"]
[WhiteRD "74"]
[BlackElo "1541"]
[BlackRD "64"]
[GameID "411529"]

1. e4 e6 2. d4 d5 3. e5 c5 4. Nf3 cxd4 5. Bd3 Nc6 6. O-O Bc5 7. Nbd2 Nge7 8. Nb3 Bb6 9. Bf4 Ng6 10. Bg3 O-O
11. h4 Bc7 12. Re1 Bb6 13. h5 Nge7 14. h6 g6 15. Bh4 Qc7 16. g4 Nxe5 17. Rxe5 f6 18. Re1 e5 19. Nfxd4 exd4 20. a4 a6
21. a5 Ba7 22. Ra4 Qd7 23. Qe2
1-0

[Event "Let's March"]
[Site "SchemingMind.com"]
[Date "2017.03.11"]
[Round "-"]
[White "Transcendent"]
[Black "smothered mate"]
[Result "0-1"]
[WhiteCountry "ENG"]
[BlackCountry "POL"]
[WhiteElo "1619"]
[WhiteRD "70"]
[BlackElo "2081"]
[BlackRD "82"]
[GameID "411530"]

1. e4 e6 2. d4 d5 3. Nc3 Nf6 4. e5 Nfd7 5. f4 c5 6. Nf3 Nc6 7. Be3 cxd4 8. Nxd4 Bc5 9. Bb5 Qb6 10. Bxc6 bxc6
11. Qd2 Bxd4 12. Bxd4 c5 13. Bf2 Ba6 14. O-O-O Rb8 15. b3 Qa5 16. Na4 Qc7 17. g4 Bb5 18. Nc3 Bc6 19. Rhg1 h6 20. h4 d4
21. Ne2 Nb6 22. g5 hxg5 23. Rxg5 g6 24. h5 gxh5 25. Rdg1 Nd5 26. Rh1 Nxf4 27. Rh4 Ng6 28. Rhxh5 Rxh5 29. Rxh5 Bf3 30. Rg5 Bxe2
31. Qxe2 Qa5 32. Kb2 Qc3+ 33. Kb1 c4 34. Be1 Qe3 35. Qxe3 dxe3 36. Kc1 cxb3 37. cxb3 Rb5 38. Bg3 Rd5 39. a4 e2 40. Kc2 Rd1
41. b4 e1=Q 42. Bxe1 Rxe1
0-1

[Event "Let's March"]
[Site "SchemingMind.com"]
[Date "2017.03.11"]
[Round "-"]
[White "Transcendent"]
[Black "Wojtek26"]
[Result "0-1"]
[WhiteCountry "ENG"]
[BlackCountry "POL"]
[WhiteElo "1714"]
[WhiteRD "62"]
[BlackElo "1567"]
[BlackRD "50"]
[GameID "411531"]

1. d4 d5 2. c4 e6 3. Nf3 Nf6 4. g3 dxc4 5. Bg2 Bb4+ 6. Bd2 Nc6 7. Bxb4 Nxb4 8. Qa4+ Nc6 9. Qxc4 O-O 10. O-O Qe7
11. Nc3 Rd8 12. e3 h6 13. Rac1 a6 14. Rfd1 Rb8 15. Nh4 Bd7 16. e4 Na5 17. Qe2 c5 18. e5 Ne8 19. d5 exd5 20. Nxd5 Qg5
21. Rxc5 Nc6 22. Nb6 Bg4 23. f3 Be6 24. b3 Rxd1+ 25. Qxd1 Qe3+
0-1

[Event "Let's March"]
[Site "SchemingMind.com"]
[Date "2017.03.11"]
[Round "-"]
[White "Wojtek26"]
[Black "Transcendent"]
[Result "1-0"]
[WhiteCountry "POL"]
[BlackCountry "ENG"]
[WhiteElo "1567"]
[WhiteRD "50"]
[BlackElo "1714"]
[BlackRD "62"]
[GameID "411532"]

1. d4 Nf6 2. Nf3 d5 3. e3 c5 4. c4 cxd4 5. Nxd4 Nc6 6. cxd5 Nxd4 7. Qxd4 Qxd5 8. Qxd5 Nxd5 9. Bb5+ Bd7 10. Bxd7+ Kxd7
11. O-O e6 12. Rd1 Kc6 13. a3 Be7 14. Bd2 Rhc8 15. Nc3 Nxc3 16. Bxc3 b6 17. Rac1 Kb7 18. Rd7+ Rc7 19. Rxc7+ Kxc7 20. Bxg7+ Kd7
21. Rd1+ Kc6 22. Rc1+ Kd7 23. Rd1+ Ke8 24. Be5 f6 25. Bc3 Rc8 26. Rd4 Bxa3 27. Rh4 Bxb2 28. Bxb2 Rc2 29. Rb4 a5 30. Rxb6 a4
31. g3
1-0

[Event "Let's March"]
[Site "SchemingMind.com"]
[Date "2017.03.11"]
[Round "-"]
[White "Transcendent"]
[Black "Nicola85"]
[Result "1-0"]
[WhiteCountry "ENG"]
[BlackCountry "ITA"]
[WhiteElo "1749"]
[WhiteRD "65"]
[BlackElo "1335"]
[BlackRD "79"]
[GameID "411533"]

1. d4 d5 2. c4 c6 3. Nf3 Nf6 4. e3 Bf5 5. Qb3 Qb6 6. Nc3 e6 7. c5 Qc7 8. Be2 h6 9. O-O Nbd7 10. Bd2 Be7
11. a4 O-O 12. Nh4
1-0

[Event "Let's March"]
[Site "SchemingMind.com"]
[Date "2017.03.11"]
[Round "-"]
[White "Nicola85"]
[Black "Transcendent"]
[Result "0-1"]
[WhiteCountry "ITA"]
[BlackCountry "ENG"]
[WhiteElo "1335"]
[WhiteRD "79"]
[BlackElo "1749"]
[BlackRD "65"]
[GameID "411534"]

1. d4 Nf6 2. c4 g6 3. Nc3 d6 4. e4 Bg7 5. Nf3 O-O 6. Be2 Nc6 7. d5 Nb8 8. O-O c6 9. h3 Nbd7 10. Be3 Qc7
11. Rc1 c5 12. a3 a6
0-1

[Event "Let's March"]
[Site "SchemingMind.com"]
[Date "2017.03.11"]
[Round "-"]
[White "smothered mate"]
[Black "Scooter"]
[Result "1-0"]
[WhiteCountry "POL"]
[BlackCountry "USA"]
[WhiteElo "1924"]
[WhiteRD "68"]
[BlackElo "1707"]
[BlackRD "53"]
[GameID "411549"]

1. e4 c6 2. d4 d5 3. Nc3 dxe4 4. Nxe4 Bf5 5. Ng3 Bg6 6. h4 h6 7. h5 Bh7 8. Nf3 Nd7 9. Bf4 Ngf6 10. Bc4 e6
11. Qe2 Nd5 12. Bc1 Qc7 13. c3 N7b6 14. Bb3 Bd6 15. Ne4 Bxe4 16. Qxe4 O-O-O 17. Qe2 Nf4 18. Bxf4 Bxf4 19. g3 Bd6 20. O-O-O Nd5
21. c4 Nf6 22. c5 Be7 23. Ne5 Rhf8 24. Nxf7
1-0

[Event "Let's March"]
[Site "SchemingMind.com"]
[Date "2017.03.11"]
[Round "-"]
[White "Scooter"]
[Black "Transcendent"]
[Result "0-1"]
[WhiteCountry "USA"]
[BlackCountry "ENG"]
[WhiteElo "1708"]
[WhiteRD "53"]
[BlackElo "1714"]
[BlackRD "62"]
[GameID "411551"]

1. d4 d5 2. Nf3 Nf6 3. Bf4 c5 4. e3 Nc6 5. c3 Qb6 6. Qb3 c4 7. Qxb6 axb6 8. Be2 Bf5 9. Nbd2 e6 10. O-O b5
11. Ne5 Nd7 12. Nxd7 Kxd7 13. Nf3 f6 14. h3 b4 15. cxb4 Bxb4 16. a3 Be7 17. Nh4 Bg6 18. Nxg6 hxg6 19. e4 Nxd4 20. Bd1 e5
21. Be3 dxe4 22. Re1 f5 23. Rc1 b5 24. Bc2 Rhd8 25. Red1 Ke6 26. Rd2 b4 27. Bxd4 exd4 28. axb4 Bxb4 29. Rdd1 Ra2
0-1

[Event "Let's March"]
[Site "SchemingMind.com"]
[Date "2017.03.12"]
[Round "-"]
[White "Transcendent"]
[Black "Scooter"]
[Result "0-1"]
[WhiteCountry "ENG"]
[BlackCountry "USA"]
[WhiteElo "1714"]
[WhiteRD "62"]
[BlackElo "1708"]
[BlackRD "53"]
[GameID "411552"]

1. d4 Nf6 2. c4 g6 3. g3 Bg7 4. Bg2 O-O 5. Nc3 c6 6. Nf3 d6 7. O-O Bg4 8. Nd2 e5 9. d5 cxd5 10. cxd5 Bc8
11. e4 a6 12. a4 Bd7 13. Nc4 Qc7 14. Qe2 Rc8 15. b3 Be8 16. Bg5 Nbd7 17. Be3 b5 18. axb5 axb5 19. Nd2 Qxc3 20. Rfc1 Qb4
21. f3 Rxa1 22. Rxa1 Bf8 23. Rf1 Rc2 24. Qd3 Nc5 25. Qe2 Nxb3 26. Rb1 Rc1+ 27. Rxc1 Nxc1 28. Qd1 Nd3 29. Nf1 Nb2 30. Qd2 Qxd2
31. Nxd2 Nc4 32. Nxc4 bxc4 33. Bd2 Bb5 34. Bc3 Bh6 35. Kf2 Nd7 36. Ke2 Nc5 37. Bf1 Na4 38. Bd2 c3+
0-1

[Event "Let's March"]
[Site "SchemingMind.com"]
[Date "2017.03.11"]
[Round "-"]
[White "Scooter"]
[Black "Wojtek26"]
[Result "1/2-1/2"]
[WhiteCountry "USA"]
[BlackCountry "POL"]
[WhiteElo "1644"]
[WhiteRD "52"]
[BlackElo "1585"]
[BlackRD "53"]
[GameID "411553"]

1. d4 d5 2. Nf3 Nc6 3. Bf4 Nf6 4. e3 e6 5. Bb5 Bd7 6. O-O a6 7. Bxc6 Bxc6 8. Nbd2 Bd6 9. Bxd6 Qxd6 10. c3 O-O
11. Re1 h6 12. Qc2 Ne4 13. Ne5 Nxd2 14. Qxd2 f6 15. Nxc6 Qxc6= 16. e4 Qd6 17. e5 fxe5 18. Rxe5 Rf5 19. Rae1 Rxe5 20. Rxe5 Rf8
21. Qe2 Rf6 22. Qh5 Qf8 23. f3 Rf5 24. Rxf5 Qxf5 25. Qxf5 exf5 26. f4 Kf7 27. Kf2 b5 28. Kf3 a5 29. g4 g6 30. gxf5 gxf5
31. Kg3 Kg7 32. Kh4 Kg6 33. b3 Kh7 34. Kh5 Kg7 35. Kh4 Kg6 36. a3 Kg7 37. h3 Kg6 38. a4 bxa4 39. bxa4 c6 40. Kg3 Kh5
41. h4 Kg6 42. Kf3 Kh5 43. Kg3=
1/2-1/2

[Event "Let's March"]
[Site "SchemingMind.com"]
[Date "2017.03.11"]
[Round "-"]
[White "Wojtek26"]
[Black "Scooter"]
[Result "0-1"]
[WhiteCountry "POL"]
[BlackCountry "USA"]
[WhiteElo "1585"]
[WhiteRD "53"]
[BlackElo "1644"]
[BlackRD "52"]
[GameID "411554"]

1. d4 Nf6 2. Nf3 g6 3. e3 Bg7 4. c4 O-O 5. Bd3 d6 6. O-O Bg4 7. h3 Bxf3 8. Qxf3 c6 9. Nd2 Nbd7 10. b3 e5
11. dxe5 Nxe5 12. Qe2 Nxd3 13. Qxd3 d5 14. Bb2 dxc4 15. Qxd8 Rfxd8 16. Nxc4 Ne4 17. Rfd1 Bxb2 18. Nxb2 Nc3 19. Rxd8+ Rxd8 20. Na4 Nxa4
21. bxa4 Rd3 22. Rb1 b6 23. Kf1 Ra3 24. a5 Rxa5
0-1

[Event "Let's March"]
[Site "SchemingMind.com"]
[Date "2017.03.11"]
[Round "-"]
[White "Scooter"]
[Black "Nicola85"]
[Result "1-0"]
[WhiteCountry "USA"]
[BlackCountry "ITA"]
[WhiteElo "1739"]
[WhiteRD "53"]
[BlackElo "1335"]
[BlackRD "79"]
[GameID "411555"]

1. d4 d5 2. Nf3 Nf6 3. Bf4 e6 4. e3 c5 5. Bb5+ Bd7 6. Bxd7+ Nbxd7 7. c3 Qb6 8. Qb3 Be7 9. Nbd2 O-O 10. O-O-O Rac8
11. Qxb6 Nxb6 12. Bg5 h6 13. dxc5 Rxc5 14. Bf4 Rfc8 15. Nd4 Nbd7 16. N2b3 Rc4 17. Kb1
1-0

[Event "Let's March"]
[Site "SchemingMind.com"]
[Date "2017.03.11"]
[Round "-"]
[White "Nicola85"]
[Black "Scooter"]
[Result "0-1"]
[WhiteCountry "ITA"]
[BlackCountry "USA"]
[WhiteElo "1335"]
[WhiteRD "79"]
[BlackElo "1739"]
[BlackRD "53"]
[GameID "411556"]

1. b4 Nf6 2. Bb2 g6 3. c4 Bg7 4. Nf3 O-O 5. e3 d6 6. Nc3 Bg4 7. Be2 Nbd7 8. O-O e5 9. d3 Re8 10. h3 Bxf3
11. Bxf3 e4 12. dxe4 Nxe4 13. Bxe4 Bxc3 14. Bxc3 Rxe4 15. Qd3 Qe7
0-1

[Event "Let's March"]
[Site "SchemingMind.com"]
[Date "2017.03.11"]
[Round "-"]
[White "Glenn O'Brien"]
[Black "smothered mate"]
[Result "0-1"]
[WhiteCountry "AUS"]
[BlackCountry "POL"]
[WhiteElo "1917"]
[WhiteRD "76"]
[BlackElo "2050"]
[BlackRD "69"]
[GameID "411565"]

1. e4 e6 2. d4 d5 3. Nc3 Nf6 4. Bg5 dxe4 5. Nxe4 Be7 6. Bxf6 gxf6 7. Nf3 f5 8. Nc3 Bf6 9. Qd2 c5 10. d5 e5
11. O-O-O O-O 12. Ne2 e4 13. Ne1 b5 14. Nf4 c4 15. d6 a5 16. a4 c3 17. bxc3 bxa4 18. Bb5 Bd7 19. Qd5 Qb6 20. Qxa8 Bc6
21. Bxc6 Nxc6 22. Qxf8+ Kxf8 23. Nd5 Bg5+ 24. Ne3 a3 25. Kd2 f4 26. Nc4 Ne5 27. Nf3 Nxc4+ 28. Ke2 exf3+ 29. gxf3 Nxd6 30. h4 Bf6
31. Rd3 a2 32. Ra1 Qb2 33. Rxa2 Qxa2 34. Rxd6 Qxc2+ 35. Rd2 Qxc3
0-1

[Event "Let's March"]
[Site "SchemingMind.com"]
[Date "2017.03.12"]
[Round "-"]
[White "smothered mate"]
[Black "Glenn O'Brien"]
[Result "1-0"]
[WhiteCountry "POL"]
[BlackCountry "AUS"]
[WhiteElo "2050"]
[WhiteRD "69"]
[BlackElo "1917"]
[BlackRD "76"]
[GameID "411566"]

1. e4 e5 2. Nf3 Nc6 3. Bc4 Nf6 4. d3 Bc5 5. c3 d6 6. Nbd2 O-O 7. Bb3 a6 8. h3 Ba7 9. Nf1 d5 10. Qe2 Be6
11. Ng3 dxe4 12. dxe4 Qe7 13. O-O Bxb3 14. axb3 Qe6 15. b4 h6 16. Nh4 Ne7 17. Nhf5 Rfd8 18. Nxe7+ Qxe7 19. Nf5 Qe6 20. Qf3 Ne8
21. Qg4 Kh7 22. Be3 g6 23. Bxa7 gxf5 24. exf5 Qb3 25. Be3 Qxb2 26. Qh5 Kg8 27. Bxh6 Qxc3 28. Rac1 Qxb4 29. Rxc7 Qb3 30. Qg5+ Kh7
31. Qg6+ Kh8 32. Rxf7 Qxf7 33. Qxf7
1-0

[Event "Let's March"]
[Site "SchemingMind.com"]
[Date "2017.03.11"]
[Round "-"]
[White "Glenn O'Brien"]
[Black "Scooter"]
[Result "1-0"]
[WhiteCountry "AUS"]
[BlackCountry "USA"]
[WhiteElo "2008"]
[WhiteRD "77"]
[BlackElo "1707"]
[BlackRD "53"]
[GameID "411567"]

1. e4 c6 2. d4 d5 3. Nc3 dxe4 4. Nxe4 Bf5 5. Ng3 Bg6 6. h4 h6 7. Nf3 Nd7 8. h5 Bh7 9. Bd3 Bxd3 10. Qxd3 Qc7
11. Bd2 O-O-O 12. O-O-O Ngf6 13. Ne4 e6 14. g3 Nxe4 15. Qxe4 Nf6 16. Qe2 Qb6 17. Ne5 Qc7 18. Bf4 Bd6 19. c4 Bxe5 20. dxe5 Nd7
21. b4 Nb6 22. Rd6 Rxd6 23. exd6 Qd7 24. Rd1 f6 25. Be3 e5 26. f4 exf4 27. Bxb6 axb6 28. gxf4 Re8 29. Qf3 f5 30. Rd4 c5
31. Qa3 Re1+ 32. Kd2 Kd8 33. bxc5
1-0

[Event "Let's March"]
[Site "SchemingMind.com"]
[Date "2017.03.12"]
[Round "-"]
[White "Scooter"]
[Black "Glenn O'Brien"]
[Result "0-1"]
[WhiteCountry "USA"]
[BlackCountry "AUS"]
[WhiteElo "1707"]
[WhiteRD "53"]
[BlackElo "2008"]
[BlackRD "77"]
[GameID "411568"]

1. d4 Nf6 2. Nf3 g6 3. Bf4 Bg7 4. e3 O-O 5. Be2 d6 6. O-O Nbd7 7. Bg5 h6 8. Bxf6 Nxf6 9. Nbd2 Qe8 10. c4 e5
11. dxe5 dxe5 12. e4 Bd7 13. Rc1 Ba4 14. b3 Bc6 15. Qc2 Qe7 16. Rfd1 Rad8 17. a3 Qxa3 18. Ra1 Qc5 19. h3 Nh5 20. Ne1 Ng3
21. Bf3 a5 22. Nd3 Qd4 23. Nf1 Nxf1 24. Kxf1 Bxe4 25. Bxe4 Qxe4
0-1

[Event "Let's March"]
[Site "SchemingMind.com"]
[Date "2017.03.11"]
[Round "-"]
[White "Glenn O'Brien"]
[Black "Transcendent"]
[Result "1-0"]
[WhiteCountry "AUS"]
[BlackCountry "ENG"]
[WhiteElo "1950"]
[WhiteRD "75"]
[BlackElo "1714"]
[BlackRD "62"]
[GameID "411569"]

1. e4 e6 2. d4 d5 3. Nc3 Bb4 4. e5 c5 5. a3 Bxc3+ 6. bxc3 Ne7 7. Qg4 cxd4 8. Qxg7 Rg8 9. Qxh7 Qc7 10. Ne2 dxc3
11. f4 Bd7 12. Qd3 Nf5 13. Qxc3 Qxc3+ 14. Nxc3 Nc6 15. Kf2 O-O-O 16. Bd3 Ncd4 17. g3 a6 18. Rb1 Rh8 19. Be3 Rdg8 20. Bxd4 Nxd4
21. Rb4 Nc6 22. Rb2 Nd4 23. h4 b5 24. a4 Rg4 25. axb5 axb5 26. Ne2 f6 27. Nxd4
1-0

[Event "Let's March"]
[Site "SchemingMind.com"]
[Date "2017.03.12"]
[Round "-"]
[White "Transcendent"]
[Black "Glenn O'Brien"]
[Result "1-0"]
[WhiteCountry "ENG"]
[BlackCountry "AUS"]
[WhiteElo "1714"]
[WhiteRD "62"]
[BlackElo "1950"]
[BlackRD "75"]
[GameID "411570"]

1. d4 Nf6 2. c4 e6 3. g3 d5 4. Nf3 dxc4 5. Bg2 Nc6 6. Qa4 Bb4+ 7. Bd2 Nd5 8. O-O Nb6 9. Qb5 a6 10. Qh5 Bxd2
11. Nbxd2 Nxd4 12. Ne5 g6 13. Qh6 Nf5 14. Qf4 g5 15. Qg4 Qxd2 16. Rfd1 Qxb2 17. Qxg5 Nd6 18. Rab1 Qc1 19. Rbxc1 Bd7 20. Rb1 Ba4
21. Rd4 Nf5 22. Rf4 Ra7 23. g4 Nd6 24. Qg7 Rf8 25. Qxh7 Ra8 26. g5 Rd8 27. g6
1-0

[Event "Let's March"]
[Site "SchemingMind.com"]
[Date "2017.03.11"]
[Round "-"]
[White "Glenn O'Brien"]
[Black "Wojtek26"]
[Result "1-0"]
[WhiteCountry "AUS"]
[BlackCountry "POL"]
[WhiteElo "2008"]
[WhiteRD "77"]
[BlackElo "1580"]
[BlackRD "50"]
[GameID "411571"]

1. e4 e5 2. Nf3 Nc6 3. Bb5 Nge7 4. O-O a6 5. Ba4 b5 6. Bb3 g6 7. c3 Bg7 8. d4 Na5 9. Nxe5 Nxb3 10. Qxb3 Bxe5
11. dxe5 Bb7 12. Nd2 d5 13. Re1 dxe4 14. Nxe4 Bxe4 15. Rxe4 Nc6 16. Bg5 Qxg5 17. Qd5 Rd8 18. Qxc6+ Kf8 19. Qxa6 Qh5 20. Qf6 Rd1+
21. Re1 Rxe1+ 22. Rxe1 Rg8 23. e6 g5 24. e7+ Ke8 25. Qc6#
1-0

[Event "Let's March"]
[Site "SchemingMind.com"]
[Date "2017.03.12"]
[Round "-"]
[White "Wojtek26"]
[Black "Glenn O'Brien"]
[Result "1-0"]
[WhiteCountry "POL"]
[BlackCountry "AUS"]
[WhiteElo "1567"]
[WhiteRD "50"]
[BlackElo "1950"]
[BlackRD "75"]
[GameID "411572"]

1. e4 e5 2. Nf3 Nc6 3. Bb5 a6 4. Ba4 Nf6 5. Nc3 b5 6. Bb3 Be7 7. O-O d6 8. a3 O-O 9. d3 Bb7 10. Nd5 Nxd5
11. exd5 Nd4 12. Nxd4 exd4 13. c3 dxc3 14. bxc3 c6 15. c4 bxc4 16. dxc6 Bxc6 17. dxc4 Bf6 18. Rb1 Re8 19. Bf4 Be5 20. Bxe5 dxe5
21. Qh5 Be4 22. Rbc1 Qd3 23. Bc2 Qxc4 24. Bxe4 Qxe4 25. Rfe1 Rac8 26. Rcd1 Qf4 27. g3 Qa4 28. Rd5 f6 29. Red1 Qxa3 30. Rd7 Qf8
31. Ra7 Ra8 32. Rc7 Rec8 33. Rb7 Rd8 34. Rc1 Rac8 35. Ra1 Rc6 36. Ra7 Ra8 37. Rb7 Kh8 38. Rd1 Rd8 39. Ra1 h6 40. Ra7 Rdd6
41. Rb1 Rb6 42. Rc1 Rdc6 43. Rd1 Rb4 44. Rdd7 Rd4 45. Re7 Rc1+ 46. Kg2 Rd8 47. Qg6 Qg8 48. Rxg7 Rg1+ 49. Kxg1 Rd1+ 50. Kg2 Qd5+
51. Kh3 Qe6+ 52. Kh4 Rd4+ 53. f4 Rxf4+ 54. gxf4 Qg4+ 55. Qxg4 exf4 56. Ra8#
1-0

[Event "Let's March"]
[Site "SchemingMind.com"]
[Date "2017.03.11"]
[Round "-"]
[White "Glenn O'Brien"]
[Black "Nicola85"]
[Result "1-0"]
[WhiteCountry "AUS"]
[BlackCountry "ITA"]
[WhiteElo "1946"]
[WhiteRD "75"]
[BlackElo "1335"]
[BlackRD "79"]
[GameID "411573"]

1. e4 e5 2. Nf3 Nc6 3. Bb5 a6 4. Ba4 Nf6 5. O-O Be7 6. Re1 b5 7. Bb3 d6 8. c3 O-O 9. h3 h6 10. d4 exd4
11. cxd4 Bb7 12. Nbd2 Re8 13. Nf1 Na5 14. Bc2
1-0

[Event "Let's March"]
[Site "SchemingMind.com"]
[Date "2017.03.12"]
[Round "-"]
[White "Nicola85"]
[Black "Glenn O'Brien"]
[Result "0-1"]
[WhiteCountry "ITA"]
[BlackCountry "AUS"]
[WhiteElo "1335"]
[WhiteRD "79"]
[BlackElo "1946"]
[BlackRD "75"]
[GameID "411574"]

1. d4 Nf6 2. c4 e6 3. Nc3 Bb4 4. e3 O-O 5. Bd3 d5 6. Nf3 c5 7. O-O Nc6 8. a3 Bxc3 9. bxc3 Qc7 10. h3 dxc4
11. Bxc4 b6 12. Qc2 Ne7 13. Bb2 Bb7
0-1

[Event "Let's March"]
[Site "SchemingMind.com"]
[Date "2017.03.14"]
[Round "-"]
[White "Glenn O'Brien"]
[Black "Iucounu"]
[Result "1-0"]
[WhiteCountry "AUS"]
[BlackCountry "ENG"]
[WhiteElo "2008"]
[WhiteRD "77"]
[BlackElo "1582"]
[BlackRD "76"]
[GameID "411712"]

1. e4 Nf6 2. e5 Nd5 3. d4 d6 4. Nf3 Bg4 5. Be2 e6 6. O-O Be7 7. c4 Nb6 8. Nc3 O-O 9. Be3 d5 10. c5 Bxf3
11. gxf3 Nc8 12. f4 Nc6 13. f5 exf5 14. Bf3 Bg5 15. Nxd5 f4 16. Bxf4 Bxf4 17. Nxf4 Qxd4 18. Qxd4 Nxd4 19. Bxb7 Rb8 20. Bxc8 Rbxc8
21. Kg2 Rfe8 22. Rae1 c6 23. Re4 Ne6 24. Nxe6 Rxe6 25. Rd1 Re7 26. f4 f5 27. Re2 Rcc7 28. e6 g6 29. Kf3 Kg7 30. Rd3 Kf6
31. Rd6 h6 32. Re1 g5 33. Re3 g4+ 34. Kg3
1-0

[Event "Let's March"]
[Site "SchemingMind.com"]
[Date "2017.03.14"]
[Round "-"]
[White "Iucounu"]
[Black "Glenn O'Brien"]
[Result "0-1"]
[WhiteCountry "ENG"]
[BlackCountry "AUS"]
[WhiteElo "1537"]
[WhiteRD "67"]
[BlackElo "1950"]
[BlackRD "75"]
[GameID "411713"]

1. e4 e5 2. Nf3 Nc6 3. Bb5 a6 4. Ba4 Nf6 5. O-O Be7 6. Re1 b5 7. Bb3 O-O 8. c3 d6 9. h3 Na5 10. Bc2 c5
11. d4 Qc7 12. Nbd2 cxd4 13. cxd4 Nc6 14. Nb3 a5 15. Be3 a4 16. Nbd2 Bd7 17. Rc1 Qb7 18. Qe2 Rfe8 19. Bd3 Rab8 20. dxe5 dxe5
21. Bc5 Nh5 22. g3 Nb4 23. Bxb4 Bxb4 24. a3 Ba5 25. Kh2 f6 26. Red1 Rbd8 27. b4 Bc7 28. Nb1 Bb8 29. Rc5 Ba7 30. Rc2 Rc8
31. Rdc1 Rxc2 32. Rxc2 Re6 33. Nc3 Kh8 34. Bxb5 g6 35. Bxa4 Bxa4 36. Nxa4 Re8 37. Nc5 Qa8 38. Nd3 Rd8 39. g4 Ng7 40. Rc3 Ne8
41. Nfe1 Nd6 42. f3 Nb5 43. Rc1 Bd4 44. Nc2 Bc3 45. Nc5 Rd2
0-1

[Event "Let's March"]
[Site "SchemingMind.com"]
[Date "2017.03.15"]
[Round "-"]
[White "smothered mate"]
[Black "Iucounu"]
[Result "1-0"]
[WhiteCountry "POL"]
[BlackCountry "ENG"]
[WhiteElo "1995"]
[WhiteRD "66"]
[BlackElo "1602"]
[BlackRD "57"]
[GameID "411714"]

1. e4 Nf6 2. e5 Nd5 3. c4 Nb6 4. d4 d6 5. exd6 cxd6 6. d5 g6 7. Be3 Bg7 8. Bd4 Bxd4 9. Qxd4 O-O 10. h4 e5
11. Qd2 Na6 12. h5 g5 13. h6 f5 14. Nf3 g4 15. Ng5 Rf6 16. Nc3 Qf8 17. O-O-O Rxh6 18. Ne6 Rxe6 19. dxe6 Bxe6 20. Qg5+ Qg7
21. Qxg7+ Kxg7 22. Rxd6 Bf7 23. b3 Rc8 24. Ne2 Rc6 25. Ng3 Bg6 26. Rxc6 bxc6 27. Bd3 Nc5 28. Bxf5 h5 29. Nxh5+ Bxh5 30. Rxh5
1-0

[Event "Let's March"]
[Site "SchemingMind.com"]
[Date "2017.03.15"]
[Round "-"]
[White "Iucounu"]
[Black "smothered mate"]
[Result "0-1"]
[WhiteCountry "ENG"]
[BlackCountry "POL"]
[WhiteElo "1537"]
[WhiteRD "67"]
[BlackElo "1947"]
[BlackRD "67"]
[GameID "411715"]

1. e4 e5 2. Nf3 d6 3. d4 Nd7 4. Nc3 c6 5. dxe5 dxe5 6. Bc4 Be7 7. Ng5 Bxg5 8. Qh5 g6 9. Qf3 Bf6 10. Bd2 b5
11. Bb3 Nc5 12. Rd1 Nxb3 13. axb3 Bg7 14. Bh6 Qf6 15. Bxg7 Qxg7 16. Qd3 Be6 17. Qd6 Ne7 18. O-O Qf6 19. b4 O-O 20. f3 Rfd8
21. Qc7 Rd4 22. Qa5 Bc4 23. Rfe1 Qd6 24. b3 Be6 25. Rxd4 Qxd4+
0-1